| 000 | 00950nam a22001577a 4500 | ||
|---|---|---|---|
| 003 | OSt | ||
| 005 | 20151112142140.0 | ||
| 008 | 151112b xxu||||| |||| 00| 0 eng d | ||
| 040 | _cRUA | ||
| 082 | _aFOR CHE 2005 B132 Or.1 | ||
| 100 |
_93605 _aCHEA, RAKSMEY. |
||
| 245 | _aContribution on vegetative propagation on eucalytus camalduleensis hun sen pulp wood planing station samkeimeanchey district, kampong chhnang province, វិភាគទាននៃការសិក្សាការផលិតផលកូនឈឺដោយការកាត់មែកផ្សំនៃប្រភេទប្រេងខ្យល់កាម៉ាល់ នៅស្ថានីយ៏ដាំឈឺម្ស៉ៅក្រដាស់ ហ៊ុន សែនស្រុកសាមគ្គីមានជ័យ ខេត្តកំពង់ឆ្នាំ | ||
| 260 |
_aPhnom Penh _bRUA _c2005 |
||
| 300 |
_aix; 52p. _bill. _c29cm. |
||
| 942 |
_2ddc _cFOR |
||
| 999 |
_c3357 _d3357 |
||